000 01078nam0a22002891 4500
001 RU\INFOCOMM_318\NLR\5000084885
005 20250613104608.0
035 _a(NLR Aleph) 009507608
090 _a8745568
_c8745568
100 _a20121204d1980 |||y0rusy50 ca
101 0 _aeng
102 _aRU
105 _ay z |||||
200 1 _aLeptospirosis - a disease of natural Focality
_fDr. E. Karaseva
_gUnited Nations environment progr. USSR commiss. for UNEP, Intern. project on zoonoses management. 1980 Training course, Moscow, Kiev, Baku, Samarkand, 15 Sept. - 20 Nov.
210 _a[M.]
_cВИНИТИ
_d1980
215 _a49 с.
_d29 см
300 _aВ вып. дан.: Природная очаговость лептоспирозов
320 _aБиблиогр.: с. 46-49
620 _aМосква
686 _aР194.68-053
_2rubbk
700 1 _9z01790
_aKaraseva
_bE. V.
_gEvgenija Vasil'evna
790 1 _9z01700
_aKaraseva
_bE.
_4070
801 1 _aRU
_bNLR
_c20121204
801 0 _aRU
_bINFOCOMM
_gPSBO
852 _aNLR
_jМд97 Д-8/43
942 _cBOOK
980 _aNB